Normal view
MARC view
- WIRLESS NETWORKS; WIRLESS COMMUNICATION SYSTEMS
Entry Topical Term
001 - CONTROL NUMBER
- control field: 60221
003 - CONTROL NUMBER IDENTIFIER
- control field: NUST
005 - DATE AND TIME OF LATEST TRANSACTION
- control field: 20210628202515.0
008 - FIXED-LENGTH DATA ELEMENTS
- fixed length control field: 210628|| aca||aabn | a|a d
040 ## - CATALOGING SOURCE
- Original cataloging agency: NUST
- Transcribing agency: NUST
150 ## - HEADING--TOPICAL TERM
- Topical term or geographic name entry element: WIRLESS NETWORKS; WIRLESS COMMUNICATION SYSTEMS
670 ## - SOURCE DATA FOUND
- Source citation: Work cat.: (NUST): Kim, Seong-Lyun Zander, Jens 60220, Radio resource management for wirless networks, 2001
